राष्ट्रीयता साम्यदायिकता धर्म और हम भाग 1 (Record no. 60396)
[ view plain ]
| 000 -LEADER | |
|---|---|
| fixed length control field | 00809nam a22001577a 4500 |
| 003 - CONTROL NUMBER IDENTIFIER | |
| control field | macl |
| 005 - DATE AND TIME OF LATEST TRANSACTION | |
| control field | 20190703122828.0 |
| 008 - FIXED-LENGTH DATA ELEMENTS--GENERAL INFORMATION | |
| fixed length control field | 190703b xxu||||| |||| 00| 0 eng d |
| 040 ## - CATALOGING SOURCE | |
| Transcribing agency | macl |
| 082 ## - DEWEY DECIMAL CLASSIFICATION NUMBER | |
| Classification number | 320 |
| 100 ## - MAIN ENTRY--PERSONAL NAME | |
| Personal name | ठाकरान सुरेश |
| 9 (RLIN) | 66616 |
| 245 ## - TITLE STATEMENT | |
| Title | राष्ट्रीयता साम्यदायिकता धर्म और हम भाग 1 |
| Remainder of title | हिन्दू राष्ट्र की अवधारणा इस्लाम की भूमिका (हिन्दू राज्य के मायने और साम्प्रदायिकता) |
| 260 ## - PUBLICATION, DISTRIBUTION, ETC. (IMPRINT) | |
| Place of publication, distribution, etc. | पुष्पांजलि प्रकाशन |
| Name of publisher, distributor, etc. | दिल्ली |
| Date of publication, distribution, etc. | 2017 |
| 650 ## - SUBJECT ADDED ENTRY--TOPICAL TERM | |
| Topical term or geographic name as entry element | राजनैतिक |
| 9 (RLIN) | 75741 |
| 942 ## - ADDED ENTRY ELEMENTS (KOHA) | |
| Source of classification or shelving scheme | |
| Koha item type | Hindi Books |
| Withdrawn status | Lost status | Source of classification or shelving scheme | Damaged status | Not for loan | Home library | Current library | Date acquired | Cost, normal purchase price | Total Checkouts | Full call number | Barcode | Date last seen | Price effective from | Koha item type |
|---|---|---|---|---|---|---|---|---|---|---|---|---|---|---|
| MACL | MACL | 03/07/2019 | 595.00 | 320 | CRH036370 | 03/07/2019 | 03/07/2019 | Hindi Books |









